Welcome to CU Library Online Public Access Catalogue (OPAC)

Nelson textbook of pediatrics / (Record no. 4154)

MARC details
000 -LEADER
fixed length control field 00809pam a2200229 a 4500
001 - CONTROL NUMBER
control field 2468696
005 - DATE AND TIME OF LATEST TRANSACTION
control field 20250223085938.0
008 - FIXED-LENGTH DATA ELEMENTS--GENERAL INFORMATION
fixed length control field 901029s1992 pauaf b 001 0 eng c
020 ## - INTERNATIONAL STANDARD BOOK NUMBER
International Standard Book Number 0721629768
050 00 - LIBRARY OF CONGRESS CALL NUMBER
Classification number RJ45
Item number .N4 1992
082 00 - DEWEY DECIMAL CLASSIFICATION NUMBER
Classification number 618.92
Edition information 20
245 00 - TITLE STATEMENT
Title Nelson textbook of pediatrics /
Statement of responsibility, etc. editor, Richard E. Behrman ; associate editor, Robert M. Kliegman ; senior editors, Waldo E. Nelson, Victor C. Vaughan, III.
250 ## - EDITION STATEMENT
Edition statement 14th ed.
260 ## - PUBLICATION, DISTRIBUTION, ETC.
Place of publication, distribution, etc. Philadelphia :
Name of publisher, distributor, etc. W. B. Saunders,
Date of publication, distribution, etc. c1992.
300 ## - PHYSICAL DESCRIPTION
Extent xxxii, 1965, [6] leaves of plates :
Other physical details ill. (some col.) ;
Dimensions 29 cm.
650 #0 - SUBJECT ADDED ENTRY--TOPICAL TERM
Topical term or geographic name entry element Pediatrics.
650 #2 - SUBJECT ADDED ENTRY--TOPICAL TERM
Topical term or geographic name entry element Pediatrics.
700 1# - ADDED ENTRY--PERSONAL NAME
Personal name Nelson, Waldo E.
Fuller form of name (Waldo Emerson),
Dates associated with a name 1898-1997.
700 1# - ADDED ENTRY--PERSONAL NAME
Personal name Behrman, Richard E.,
Dates associated with a name 1931-
700 1# - ADDED ENTRY--PERSONAL NAME
Personal name Kliegman, Robert.
942 ## - ADDED ENTRY ELEMENTS (KOHA)
Source of classification or shelving scheme Library of Congress Classification
Koha item type Books
Edition 14th ed.
Suppress in OPAC No
999 ## -
-- 4154
-- 4154
Holdings
Withdrawn status Lost status Source of classification or shelving scheme Damaged status Not for loan Collection Home library Current library Shelving location Date acquired Total checkouts Full call number Barcode Date last seen Copy number Price effective from Koha item type
    Library of Congress Classification     Non-fiction Science Library (Miotso) Science Library (Miotso) General stacks 02/23/2025   RJ45 .N4 BEH SLM00003708 02/23/2025 1 02/23/2025 Books
© 2023-2024 Copyright: Central University Libraries. All Rights Reserved | Created by: Mahone Tech Office